Carol Davidson Cragoe: Abeceda architektúry

Podrobná bibliografia
Médium: Článok
Jazyk:slovenčina
ISSN:1210-1982
Predmet:

MARC

LEADER 00000nab a2200000 ar4500
001 vtls009941167
003 SK-MaSNL
005 20260303045134.0
008 090819c2009 xo |r|p|||||||000 b|slo
015 |a SNBRB2009/08  |2 snkbucl 
038 |a SNKBUCL 
040 |a SNKBUCL  |b slo  |c SNKBUCL  |e AACR2 
041 0 |a slo 
044 |a xo  |c SK 
080 |a 72.03  |2 2001 
080 |a 72.04  |2 2001 
245 0 0 |a Carol Davidson Cragoe: Abeceda architektúry  |c [autor] -vr- 
600 1 7 |a Cragoe, Carol Davidson  |t Abeceda architektúry : kurz architektonických slohov  |2 snkbucl  |9 1035300 
655 7 |a prehľady  |2 snkbucl  |9 70194 
740 0 2 |a Kurz architektonických slohov 
773 0 |t Knižná revue  |g Roč. XIX, č. 14-15 (2009), s. 10  |x 1210-1982 
852 |a SNK  |b KIS3GCP 
999 |c 1702713  |d 1704643